Регионална библиотека "Любен Каравелов" - Русе

Ударът (Запис номер 8035)

MARC детайли
000 -Лидер
Контролно поле с фиксирана дължина 01251nam a2200349 c 4500
003 - Код на организацията, давaща контролен номер
Контролно поле BLK
005 - Дата и час на последна редакция
Контролно поле 20250611103744.0
008 - Елементи от данни с фиксирана дължина
fixed length control field 180412b bul|||||r ||||||| ||bul||
010 ## - Наследен системен номер
LC control number KNG00009370000
020 ## - Международен стандартен номер на книга ISBN
Международен стандартен номер на книга ISBN 954-8240-26-2
040 ## - Източник на каталожния запис
Идентификатор на билиотеката - собственик на записа BLK
041 ## - Код за език
Код за езика на текст/звукозапис или на отделно заглавие Български
Код за езика КДБФ Български
080 ## - УДК
Текстов определител УДК Американска литература (на САЩ)
УДК код - определител по УДК 821.111(73)
УДК определител -312.4
УДК - код + определител 821.111(73)-312.4
100 1# - Редна дума - Автор
Автор Гришам, Джон
Авторска отговорност първи автор
R(LIN) 56458
139 ## - Редно поле
Редна дума Гришам, Джон
Авторски знак Грин - Г 84
245 10 - Сведения за заглавието
Заглавие Ударът
Подзаглавни данни Роман
Редно поле (дума) Джон Гришам; прев. от англ. Любомир Николов.
257 ## - Страна на издаване
Страна на създаване/издаване Съединени американски щати
260 ## - Област на издателските данни
Име на издателя, разпространителя и проч. Обсидиан
Година на издаване 1995
Печатница В. Търново : Абагар
300 ## - Физическа характеристика
Страници 480 с.
Размери/Мащаб 20 см
380 ## - Жанр
Жанр Худож. лит.
500 ## - Общи забележки
Забележка Ориг. загл. The Rainmaker / John Grisham. - доп. тир. 1998.
653 ## - Ключова дума – ненормативна
Ключова дума трилъри
653 ## - Ключова дума – ненормативна
Ключова дума романи
700 ## - Други автори (авторска отговорност)
Лично име Николов, Любомир Славов, 1950 -
9 (RLIN) 242031
852 ## - Местоположение
Форматна сигнатура Цб 183918
856 4# - Електронен адрес и достъп
Електронен формат pdf - файл
Път до файла /url/
856 4# - Електронен адрес и достъп
Електронен формат pdf - файл
Път до файла /url/
942 ## - АРТИКУЛИ
Вид на библиотечния материал Книги
Скрит в OPAC Не
Koha issues (borrowed), all copies 13
944 ## - СЪЗДАВАНЕ И РЕДАКЦИЯ на ЗАПИСА
Създаване/Редакция Създаване
Дата на регистрацията/редакция 15.01.2003
Статус, дата на статуса Русанова Ирена
Служител, извършил регистрацията/редакцията 30542
944 ## - СЪЗДАВАНЕ И РЕДАКЦИЯ на ЗАПИСА
Създаване/Редакция Редакция
Дата на регистрацията/редакция 10.03.2018
Статус, дата на статуса ф /
Служител, извършил регистрацията/редакцията Виолета_Тройчева
999 ## - СИСТЕМНИ КОНТРОЛНИ НОМЕРА
Koha biblionumber 8035
Koha biblioitemnumber 8035
999 ## - СИСТЕМНИ КОНТРОЛНИ НОМЕРА
Koha biblioitemnumber 8035
Наличности
Код за отписване Код за изгубен артикул Източник на класификационната схема Код за повреда Коз за рестрикции Код за отдаване Артикулен № Име на библиотеката - собственик Име на библиотеката, в която се намира в момента Статус (Текущо местоположение) Дата на вписване в системата Местоположение - отдел Цена в лева Инвентарен номер Систематично азбучна сигнатура Баркод Номер на екземпляра Цена в евро Служебна бележка Служебен тип на артикула
Изтеглен Не е изгубен Universal Decimal Classification Не е повреден без рестрикции заемане за дома 13860 Регионална библиотека "Любен Каравелов" Русе Регионална библиотека "Любен Каравелов" Русе Заемна - подръчен фонд 2001-01-01 Заемна - подръчен фонд 1.76 615100 П 820(73)-31/Г 84 615100 1 0.90 Дост: Pk Вид: Ф N: стар фонд Дата: 01.01.1995 Книги
Изтеглен Не е изгубен Universal Decimal Classification Не е повреден без рестрикции заемане за дома 13861 Регионална библиотека "Любен Каравелов" Русе Регионална библиотека "Любен Каравелов" Русе Заемна - подръчен фонд 2001-01-01 Заемна - подръчен фонд 1.76 615101 П 820(73)-31/Г 84 615101 2 0.90 Дост: Pk Вид: Ф N: стар фонд Дата: 01.01.1995 Книги
Изтеглен Не е изгубен Universal Decimal Classification Не е повреден без рестрикции заемане за дома 13862 Регионална библиотека "Любен Каравелов" Русе Регионална библиотека "Любен Каравелов" Русе Заемна - подръчен фонд 2001-01-01 Заемна - подръчен фонд 1.76 615102 П 820(73)-31/Г 84 615102 3 0.90 Дост: Pk Вид: Ф N: стар фонд Дата: 01.01.1995 Книги
  Не е изгубен Universal Decimal Classification Не е повреден без рестрикции ползва се в читалня 13863 Регионална библиотека "Любен Каравелов" Русе Регионална библиотека "Любен Каравелов" Русе Хранилище 2001-01-01 Хранилище 1.76 617514 Цб 183918 120000617514 4 0.90 Дост: Dp Вид: Д N: стар фонд Дата: 01.01.1995 Дата инв: 04.09.2014 Бележки инв: Цб2014 Книги
Изтеглен Не е изгубен Universal Decimal Classification Не е повреден без рестрикции заемане за дома 13864 Регионална библиотека "Любен Каравелов" Русе Регионална библиотека "Любен Каравелов" Русе Заемна - подръчен фонд 2005-04-20 Заемна - подръчен фонд 4.50 120000693353 П 820(73)-31/Г 84 120000693353 5 2.30 Дост: Pk Вид: Ф N: 2 Дата: 20.04.2005 Книги
Изтеглен Не е изгубен Universal Decimal Classification Не е повреден без рестрикции заемане за дома 13865 Регионална библиотека "Любен Каравелов" Русе Регионална библиотека "Любен Каравелов" Русе Заемна - подръчен фонд 2013-12-09 Заемна - подръчен фонд 4.50 120000772689 П 820(73)-31/Г 84 120000772689 6 2.30 Дост: DA Вид: А N: 20 Дата: 09.12.2013 Дата инв: 14.02.2018 Бележки инв: П2018 Книги
  Не е изгубен Universal Decimal Classification Не е повреден   заемане за дома 942491 Регионална библиотека "Любен Каравелов" Русе Регионална библиотека "Любен Каравелов" Русе Заемна - подръчен фонд 2024-04-19 Заемна - подръчен фонд 5.00 120000901514 821-31/Г 84 Д 120000901514   2.56   Книги
Vip Innovations Ltd, Rousse, Bulgaria 2025